[Event "Jermuk FIDE GP"]
[Site "Jermuk"]
[Date "2009.08.15"]
[Round "6"]
[White "Akopian, Vladimir Eduardovic"]
[Black "Eljanov, Pavel"]
[Result "1/2-1/2"]
[WhiteElo "2712"]
[BlackElo "2716"]
[PlyCount "113"]
[EventDate "2009.08.09"]
[EventType "tourn"]
[EventRounds "13"]
[EventCountry "ARM"]
[EventCategory "19"]
[SourceTitle "CBM 132"]
[Source "ChessBase"]
[SourceDate "2009.09.16"]
[SourceVersion "1"]
[SourceVersionDate "2009.09.16"]
[SourceQuality "1"]

1. Nf3 {Meyer,Claus Dieter} d5 2. d4 Nf6 3. c4 c6 4. Nc3 dxc4 5. a4 e6 6. e4 ({RR} 6. e3 c5 7. Bxc4 cxd4 8. exd4 Nc6 9. O-O Be7 10. Re1 ({RR} 10. Qe2 O-O 11. Rd1 Nd5 12. Qe4 Nf6 13. Qh4 Nb4 14. Bg5 b6 15. Bd3 ({RR} 15. Ne5) 15... Nxd3 16. Rxd3 Ba6 17. Rd2 Bb7 18. d5 Bxd5 19. Nxd5 exd5 20. Nd4 Qd7 21. Rd3 Rfe8 22. Rh3 h5 23. Bxf6 Bxf6 24. Qxh5 g6) 10... O-O 11. Bf4 Bd7 12. d5 exd5 13. Nxd5 Nxd5 14. Bxd5 Be6 15. Bxe6 fxe6 16. Bg3 ({RR} 16. Bd2 Bf6 17. Bc3 Qxd1 18. Raxd1 Rae8 19. Rd3 h6) 16... Qxd1 17. Raxd1 Bf6) 6... Bb4 7. e5 ({RR} 7. Bg5 Bxc3+ 8. bxc3 Qa5 9. e5 Ne4 10. Rc1 Nd7 11. Nd2 Nxd2 12. Bxd2 Nb6 13. Qg4 Bd7 ({RR} 13... Rg8) 14. Qxg7 O-O-O 15. Qxf7) 7... Nd5 8. Bd2 ({RR} 8. Qc2 c5 ({RR} 8... b5) 9. dxc5 Qa5 10. Bd2 Bxc3 11. bxc3 Qxc5 12. Qe4 Bd7 13. Qg4 Nc6 14. Qxg7 O-O-O 15. Qg4 Rhg8 16. Qxc4 Qxc4 17. Bxc4 Rxg2) 8... b5 9. axb5 Bxc3 10. bxc3 cxb5 11. Ng5 Nc6 ({RR} 11... h6 12. Qh5 ({RR} 12. Ne4 O-O 13. Nd6 Bd7 14. Qg4 f5) 12... g6 ({RR} 12... O-O 13. Ne4 ({RR} 13. h4 Nc6 14. Ne4 f5 ({RR} 14... Nce7 15. Nf6+ gxf6 16. Rh3 Qe8 17. Qxh6 Nf5 18. Rg3+ Nxg3 19. exf6 Nf5 20. Qg5+ Kh8 21. Qh5+) 15. Nd6 Bd7 16. Bxh6 ({RR} 16. Nxb5 Nxe5) 16... Be8) 13... Nc6 14. Bxh6 gxh6 15. Qxh6 f5 16. Qg6+ Kh8 17. Qh6+) 13. Qh3 f5 ({RR} 13... Kf8 14. Ne4 Kg7 15. g4 ({RR} 15. Be2 Nc6 16. Nd6 Rb8 17. O-O a5) 15... Bd7 ({RR} 15... Bb7 16. Bg2 Nd7 17. O-O a5 18. Nd6 Bc6 19. f4 ({RR} 19. Bxh6+ Kg8 ({RR} 19... Rxh6 20. Qxh6+ Kxh6 21. Nxf7+ Kg7 22. Nxd8 Rxd8 23. Bxd5 Bxd5 24. Rxa5) 20. f4) 19... f5 20. gxf5 gxf5 21. Rf3 Nf8 ({RR} 21... Rh7 22. Rg3+ Kh8 23. Qh5 Qf8 24. Qg6 Qg8 25. Qxg8+ Rxg8 26. Rxa5) 22. Rg3+ Ng6 23. Bxd5 exd5 24. Rxg6+ Kxg6 25. Qxf5+) 16. Nd6 Nc6 17. Bg2 ({RR} 17. Nxb5 Qb6 18. Bxc4 ({RR} 18. Nd6 Nxd4) 18... Nxe5) 17... b4) ({RR} 13... Bb7 14. Rb1 ({RR} 14. Ne4 Nf4) ({RR} 14. Be2 Nxc3 15. Nxe6 Qe7 16. Bxc3 fxe6 17. Bf3 Nc6 18. Rb1 a6 19. O-O Nd8 20. Bxb7 Qxb7 21. d5 Qf7) 14... Bc6 15. Ne4 Kf8) ({RR} 13... Nxc3 14. Nxf7 Kxf7 15. Qf3+ Kg7 16. Qxa8) 14. exf6 e5 ({RR} 14... Nc6 15. Be2 ({RR} 15. Ne4 e5 16. Qg3 Bf5 17. Ra6 Nb6 18. f3 Qd5) ({RR} 15. f7+ Ke7) 15... e5 ({RR} 15... Qxf6 16. Ne4 Qe7 17. Qg3) 16. f7+ Ke7 ({RR} 16... Kf8 17. Ne6+) 17. Qg3 exd4 18. O-O dxc3 ({RR} 18... d3 19. Bf3 Kf8 ({RR} 19... Qd6 20. Rfe1+ Kd7 21. Re8 Qxg3 ({RR} 21... Bb7 22. Bg4+ Kc7 23. Ne6+) 22. Rxh8 Qd6 23. Bxd5 Bb7 24. Rxa8 Bxa8 25. Nh7) 20. Rfe1 Kg7 21. Ne6+ Bxe6 22. Rxe6) ({RR} 18... hxg5 19. Bxg5+ Nf6 20. Bf3 Bb7 21. Rfe1+ Kxf7 22. Bxf6 Kxf6 ({RR} 22... Qxf6 23. Qc7+) 23. Bxc6 Bxc6 24. Ra6 Qd5 25. Rxc6+ Qxc6 26. Qf4+ Kg7 27. Re7+ Kg8 28. Qf7#) 19. Bxc3 Nxc3 20. Bxc4 ({RR} 20. Qxc3 Qd4 21. Qf3 hxg5 22. Qxc6 Bd7 ({RR} 22... Qd6 23. f8=Q+) 23. Qxg6 Qf6 24. Qe4+ Qe6) 20... bxc4 ({RR} 20... hxg5 21. Rae1+ Kf6 22. Qxc3+ Nd4 ({RR} 22... Qd4 23. Qf3+ Kg7 24. Re8 Bf5 25. Qxc6 Rhxe8 26. fxe8=Q Rxe8 27. Qxe8) 23. Rd1 ({RR} 23. Re4)) ({RR} 20... Ne2+ 21. Bxe2 hxg5 ({RR} 21... Qd6 22. Rae1) 22. Rad1 Nd4 23. Qe3+ Kxf7 ({RR} 23... Be6 24. Rxd4 Qc7 25. f4 Kxf7 26. Bxb5) 24. Rxd4 Qe7 25. Re4 Qf6 26. Rc1 Qd6 27. Re5 Bf5 28. Bxb5 Rac8 29. Re1) 21. Rae1+ Kf6 22. Qxc3+ Qd4 ({RR} 22... Kxg5 23. Rd1 Bg4 24. Rxd8 Raxd8 25. f4+ Kf5 26. Re1 Rd4 27. h3 Kf6 28. Re4) 23. Qf3+ Bf5 ({RR} 23... Kxg5 24. Re4) 24. Ne6 Qd6 ({RR} 24... Ne5 25. Qxa8) 25. f8=Q+ Raxf8 26. Qc3+ Ne5 ({RR} 26... Nd4 27. Nxd4 Kf7 ({RR} 27... Kg5 28. f4+ Kh5 29. Re5) 28. Qxc4+ Kg7 29. Ne6+) 27. Nxf8 Rxf8 28. f4 Kf7 29. fxe5) ({RR} 14... Qxf6 15. Ne4) 15. f7+ ({RR} 15. Qh4 Nc6 ({RR} 15... Qxf6 16. Qe4 Bb7 17. dxe5) 16. dxe5 Nxe5 17. Ne4 Kf7) ({RR} 15. g4 Nd7 ({RR} 15... exd4 16. Bg2) ({RR} 15... Nc6 16. Bg2) ({RR} 15... Qxf6 16. Ne4 Qe7 ({RR} 16... Qc6 17. dxe5) 17. dxe5 Qxe5 18. Bg2 Bb7 ({RR} 18... Nc6 19. O-O) 19. O-O Nd7 20. Rfe1 O-O-O 21. Nc5 Qd6 22. Nxb7 Kxb7 23. Be3 a6 24. Red1 N7f6 25. Bd4) ({RR} 15... Qd7 16. Bg2) ({RR} 15... h5 16. Qf3 ({RR} 16. Bg2 Bxg4 17. f7+ Ke7 ({RR} 17... Kf8 18. Ne6+ Bxe6 19. Qxe6) 18. Qg3 ({RR} 18. Qh4 Nc6 19. Ra6) 18... Nc6 19. Ra6) 16... Bxg4 ({RR} 16... Nc6 17. Bg2) ({RR} 16... Nb6 17. f7+ Kf8 18. Qe4) ({RR} 16... hxg4 17. Qe4) 17. Qe4) 16. Bg2 ({RR} 16. f7+ Ke7) 16... Bb7 ({RR} 16... N7xf6 17. dxe5 Nxg4 18. e6 O-O 19. Qxg4 hxg5 20. Qe4) 17. Ne6 Qc8 ({RR} 17... Qb6 18. g5 exd4 19. O-O) 18. g5 ({RR} 18. O-O N7xf6 19. Rfe1 e4 20. Nc5) 18... Kf7 ({RR} 18... a5 19. O-O Ra6 20. f4) 19. gxh6 N7xf6 20. Ng5+ Ke7 21. Qxc8 Rhxc8 22. dxe5 Ng4 ({RR} 22... Nd7 23. O-O Nc5 24. f4 Rf8 ({RR} 24... Rh8 25. f5 gxf5 26. Rxf5 Rxh6 27. Rf7+ Ke8 28. Rxb7 Nxb7 29. Bxd5)) 23. h7 Nxe5 24. O-O) 15... Kf8 16. Ne6+ ({RR} 16. g4 Kg7 ({RR} 16... Nc6 17. Bg2 exd4 18. O-O Kg7 ({RR} 18... Bxg4 19. Ne6+ Bxe6 20. Qxe6 dxc3 21. Be3) 19. f8=Q+ Rxf8 20. Ne6+ Bxe6 21. Qxh6+ Kf7 22. Qh7+ Ke8 23. Rfe1 Qd6 24. Bg5 Nce7 25. Bxe7 Nxe7 26. Bxa8) 17. Nf3 ({RR} 17. Ne4 Nc6) 17... Nc6 18. Nxe5 Nxe5 19. dxe5) 16... Ke7 17. Nxd8 Bxh3 18. gxh3 Rxd8 19. dxe5 Kxf7 20. Bg2 Nc6 21. O-O Nxe5 ({RR} 21... a5) 22. f4 ({RR} 22. Ra6 Nc7 23. Ra3 ({RR} 23. Ra2 Nd5) 23... Rac8 24. Bxh6 a6) 22... Nd3 23. f5 gxf5 ({RR} 23... g5 24. Ra6 N3f4 25. Bxf4 ({RR} 25. Rxh6 Nxg2 ({RR} 25... Rh8) 26. Kxg2 a5 27. Rh7+ Kg8 28. Rb7 ({RR} 28. Rh6 Rd7) 28... Rdb8) 25... gxf4 26. Rfa1 Rd7 ({RR} 26... Nxc3 27. Bxa8 Rxa8) ({RR} 26... Rg8 27. Rg6 Rgd8 ({RR} 27... Nxc3 28. Bxa8 Rxa8 29. Raa6) 28. Raa6 Rd7 29. Kf2 ({RR} 29. Rxh6 Rg8)) 27. Kf2 ({RR} 27. Rxh6 Rg8) 27... Rad8) 24. Rxf5+ Ke6 25. Rh5 a5 26. Rxh6+ {Anand,V (2817)-Eljanov,P (2683) Germany 2012 CBM 148 [Meyer,Claus Dieter] ½-½ (47)} {RR} Ke5 27. Rh5+) 12. h4 ({RR} 12. Qh5 Qe7 ({RR} 12... g6 13. Qh6 Qe7 14. Ne4) 13. Be2 ({RR} 13. Be2 b4 14. Bxc4 ({RR} 14. O-O bxc3 15. Be3) ({RR} 14. Nxh7 g6 15. Qh6 bxc3 16. Nf6+ Qxf6 17. exf6 Rxh6 18. Bxh6 Nxd4) 14... bxc3 15. Be3 h6 16. Ne4 O-O 17. O-O Ncb4) 13... b4 14. O-O bxc3 15. Be3 Bb7 16. Bg4 Ncb4 17. Nxe6 g6 18. Ng7+ Kf8 19. Qh6 Kg8 20. Bg5 Qf8 21. Bf6 Nxf6 22. exf6 Nd5 23. Bf3 Nxf6 24. Bxb7 Rd8 25. Ra6 Qxg7 26. Qg5 Rd7 {Anand,V (2780)-Karjakin,S (2778) Sao Paulo/Bilbao 2012 ½-½ (45)}) ({RR} 12. Qh5 Qe7 13. h4 g6 14. Qf3 h5 15. Ne4 O-O 16. Bg5 Qd7 17. Nf6+ Nxf6 18. Bxf6 Bb7 19. Qf4 Ne7 20. Qh6 {1-0 (20) Sarkar,J (2377)-Baskin,R (2390) Chess.com INT 2020}) ({RR} 12. Qh5 Qe7 13. h4 b4 14. Bxc4 bxc3 15. Bc1 ({RR} 15. Be3) 15... Ncb4 ({RR} 15... Nxd4 16. O-O Nc2 17. Ra4 Bd7 18. Bxd5 exd5 19. Rf4) 16. O-O a5 ({RR} 16... Nb6 17. Ba3 a5 18. Rfc1 h6 19. Rxc3 ({RR} 19. Bb5+ Kf8 20. Ne4) 19... O-O ({RR} 19... g6) 20. Ne4 N6d5 21. Bxd5 exd5 22. Nf6+ gxf6 23. Rg3+) 17. Ba3 ({RR} 17. Nxh7) 17... Rb8 ({RR} 17... Bb7) 18. Bxd5 exd5 19. e6 g6 20. exf7+ Qxf7 21. Rfe1+ ({RR} 21. Nxf7 gxh5 22. Nxh8)) 12... Qc7 $146 ({RR} 12... Qe7 13. Qg4 f5 14. Qg3 O-O 15. Be2 Bb7 16. h5 f4 17. Qg4 b4 18. Bxc4 bxc3 19. Bc1 Nxd4 20. O-O Rf5 21. Nh3 Qc5 22. Bd3 f3 23. Ba3 Nb4 24. g3 a5 25. Bxf5 exf5 26. Qg5 h6 27. Bxb4 {Kantor,G (2306)-Grimm,D (2198) Budapest 2012 0-1 (40)}) ({RR} 12... f6 13. exf6 Nxf6 14. Qb1 a6 15. Be2 Qd6 16. Bc1 O-O 17. O-O h6 18. Nf3 Qd5 19. Bxh6 gxh6 20. Qg6+ Kh8 21. Qxh6+ Kg8 22. Qg6+ Kh8 23. Qh6+ {½-½ (23) Maletin,P (2563)-Potkin,V (2613) Serpukhov 2008}) 13. Rh3 Bb7 14. Rf3 Nd8 15. Ne4 O-O 16. Nd6 Ne7 17. Rg3 Nf5 18. Nxf5 exf5 19. Qh5 Ne6 20. Qxf5 Qe7 21. Rb1 Bc6 22. Be2 a5 23. Qf6 Rfe8 24. d5 Bxd5 25. Rxb5 Qxf6 26. exf6 Red8 27. Bg4 g6 28. Bxe6 Bxe6 29. Bc1 a4 30. Ba3 Rd7 31. Re3 Rad8 32. Rb1 Bg4 33. f3 Bf5 34. Ra1 h5 35. Be7 Ra8 36. Kf2 Kh7 37. Kg3 Rd3 38. Kf4 Ra5 39. Bb4 Ra6 40. Re7 Rxf6 41. Kg3 Bg4 42. Bc5 Bxf3 43. gxf3 Rdxf3+ 44. Kg2 R3f4 45. Rxa4 Rg4+ 46. Kh3 Rff4 47. Re3 Rxh4+ 48. Kg2 Rhg4+ 49. Rg3 g5 50. Bd4 Rxg3+ 51. Kxg3 h4+ 52. Kg2 g4 53. Rxc4 Rf3 54. Be5 h3+ 55. Kg1 f6 56. Bxf6 Rxf6 57. Rxg4 1/2-1/2

[Event "FIDE World Cup"]
[Site "Khanty-Mansiysk"]
[Date "2009.11.21"]
[Round "1.1"]
[White "Sandipan, Chanda"]
[Black "Kobalia, Mihail"]
[Result "1-0"]
[WhiteElo "2623"]
[BlackElo "2643"]
[PlyCount "63"]
[EventDate "2009.11.21"]
[EventType "k.o."]
[EventRounds "7"]
[EventCountry "RUS"]
[SourceTitle "CBM 134"]
[Source "ChessBase"]
[SourceDate "2010.01.18"]
[SourceVersion "1"]
[SourceVersionDate "2010.01.18"]
[SourceQuality "1"]

1. d4 d5 2. c4 c6 3. Nf3 Nf6 4. Nc3 dxc4 5. a4 e6 6. e4 Bb4 7. Bxc4 Nxe4 8. O-O Nxc3 9. bxc3 Be7 10. Ne5 O-O 11. Qg4 Nd7 12. Bh6 Bf6 13. Rae1 Kh8 14. Bc1 $146 ({RR} 14. Bf4 g6 15. Re3 Bg7 16. Rh3 Nxe5 17. dxe5 Kg8 18. Bg5 Qa5 19. Qh4 h5 20. Bf6 Bxf6 21. Qxf6 Qd8 22. Qf4 Qe7 23. Qh6 Rd8 24. Be2 Qf8 25. Qf4 b6 26. Re1 Rd5 27. Bxh5 Ba6 28. Rg3 Qg7 {Le,Q (2664)-Spoelman,W (2547) Wijk aan Zee 2011 0-1 (73)}) 14... g6 15. Re3 Bg7 16. Rfe1 Nxe5 17. dxe5 f5 18. Qe2 b5 19. axb5 cxb5 20. Bxb5 Qb6 21. Ba3 Rg8 22. c4 Bf8 23. Bd6 Ba6 24. Bd7 Rg7 25. Bxe6 Bxd6 26. exd6 Qxd6 27. Qb2 f4 28. R3e2 h5 29. Bd5 Rb8 30. Qa1 Rb6 31. c5 Qxd5 32. Re7 1-0

[Event "Belgrade Serbia op"]
[Site "Belgrade"]
[Date "2021.07.05"]
[Round "5"]
[White "Indjic, Aleksandar"]
[Black "Petrosyan, Manuel"]
[Result "1/2-1/2"]
[WhiteElo "2607"]
[BlackElo "2632"]
[PlyCount "116"]
[EventDate "2021.07.02"]
[EventType "swiss"]
[EventRounds "9"]
[EventCountry "SRB"]
[SourceTitle "CBM 203 Extra"]
[Source "ChessBase"]
[SourceDate "2021.09.30"]
[SourceVersion "1"]
[SourceVersionDate "2021.09.30"]
[SourceQuality "1"]

1. c4 e6 2. Nc3 d5 3. d4 Be7 4. cxd5 exd5 5. Bf4 c6 6. e3 Bf5 7. h3 Nd7 8. Bd3 Bxd3 9. Qxd3 Ngf6 10. Nge2 O-O 11. Ng3 $146 ({RR} 11. O-O Re8 12. f3 b5 13. a3 a5 14. e4 Nb6 15. e5 Nfd7 16. Bc1 b4 17. axb4 axb4 18. Rxa8 Qxa8 19. Nd1 c5 20. f4 Bf8 21. Kh2 Qa2 22. Ne3 c4 23. Qd1 Qb3 24. Qe1 f6 25. Rf3 Qa4 {Mamedyarov,S (2800)-Topalov,V (2749) Paris 2017 1-0 (35)}) ({RR} 11. O-O Re8 12. f3 b5 13. Rad1 Nb6 14. b3 b4 15. Nb1 c5 16. dxc5 Bxc5 17. Nd4 h6 18. Bg3 Nh5 19. Bf2 Bd6 20. Rc1 Rc8 21. Qa6 Qd7 22. Qb5 Qb7 23. Rc6 Be5 24. Rfc1 Bxd4 25. exd4 Nf4 {Ebrahimi Herab,H (2404)-Belov,A (2421) chess.com INT 2025 1-0}) 11... g6 12. O-O Ne8 13. e4 dxe4 14. Ngxe4 Ndf6 15. Rfe1 Nxe4 16. Qxe4 Bg5 17. Be5 Nf6 18. Qf3 Nd5 19. Qg3 Bh4 20. Qg4 Be7 21. Re2 f6 22. Qe6+ Rf7 23. Bg3 Nxc3 24. bxc3 Qd5 25. Rae1 Bf8 26. Qxd5 cxd5 27. Re8 Rxe8 28. Rxe8 Rd7 29. Kf1 Kf7 30. Rb8 Ba3 31. Ke2 Ke6 32. Kd3 Bd6 33. Bxd6 Kxd6 34. a4 b6 35. g4 g5 36. c4 dxc4+ 37. Kxc4 Rc7+ 38. Kd3 Rc1 39. Ke4 Rc4 40. Kf5 Rxa4 41. Kxf6 Rxd4 42. Kxg5 Kc7 43. Re8 Rd8 44. Re1 b5 45. Kh6 a5 46. Kxh7 b4 47. g5 b3 48. g6 a4 49. Rb1 Kc6 50. g7 Kb5 51. f4 Kb4 52. f5 a3 53. f6 a2 54. Rxb3+ Kxb3 55. f7 a1=Q 56. g8=Q Qb1+ 57. Qg6 Rh8+ 58. Kxh8 Qxg6 1/2-1/2

[Event "Olympiad-39"]
[Site "Khanty-Mansiysk"]
[Date "2010.09.25"]
[Round "5.3"]
[White "Ganguly, Surya Shekhar"]
[Black "Delchev, Aleksander"]
[Result "1-0"]
[WhiteElo "2650"]
[BlackElo "2623"]
[PlyCount "71"]
[EventDate "2010.09.21"]
[EventType "team-swiss"]
[EventRounds "11"]
[EventCountry "RUS"]
[SourceTitle "CBM 139"]
[Source "ChessBase"]
[SourceDate "2010.11.18"]
[SourceVersion "1"]
[SourceVersionDate "2010.11.18"]
[SourceQuality "1"]
[WhiteTeam "India"]
[BlackTeam "Bulgaria"]
[WhiteTeamCountry "IND"]
[BlackTeamCountry "BUL"]

1. d4 {Krasenkow,Michal} d5 2. c4 c6 3. Nf3 e6 4. Nc3 dxc4 5. e3 b5 6. a4 Bb4 7. Bd2 Bb7 8. axb5 Bxc3 9. Bxc3 cxb5 10. b3 a5 11. bxc4 b4 12. Bb2 Nf6 13. Bd3 Nbd7 14. O-O O-O 15. Nd2 Qc7 16. f3 ({RR} 16. f4 a4 17. Rxa4 Qc6) 16... e5 ({RR} 16... Bc6 17. Bc2 Nb6 18. e4 Rfd8 19. Rf2) ({RR} 16... Rfd8 17. Bc2 Nb6 18. c5 Nbd7 19. Ba4 Ba6 20. Re1 e5 21. Qc2 exd4 22. exd4 Nd5 23. Ne4 Nf8 24. Nd6 Ne6 25. Bb3 Bb7 26. Re5 Rxd6 27. cxd6 Qxd6 28. Qe4 Nec7 29. Kh1 Bc6 30. Qc2 h6 31. Ba4 {Mungunzul,B (2116)-Nomin-Erdene,D (2353) Choibalsan MGL 2024 0-1 (39)}) 17. Kh1 exd4 $146 ({RR} 17... Rfe8 18. Bc2 ({RR} 18. Bc2 exd4 19. exd4 Nb6 20. Rc1 a4 21. d5 b3 22. Bb1 Nbd7 23. Bd4 Ba6 24. f4 Qd6 25. Rc3 Re7 26. Bf5 Nf8 ({RR} 26... Nc5 27. Rg3 g6) 27. Qa1 Rae8 ({RR} 27... Re2) 28. Be5 ({RR} 28. Qxa4 b2 29. Qa3) 28... Qb4 29. Rg3 Ng6 30. Bc3 b2) 18... exd4 19. Bxd4 Ne5 20. Ba4 Bc6 21. Bb5 Qb7 22. Qa4 Re6 23. Rfb1 Bxf3 24. gxf3 Nxf3 25. Bc6 Rxc6 26. Nxf3 Rxc4 27. Rf1 Ne4 28. Qa2 Qc6 29. Qg2 f6 {½-½ (29) Babula,V (2563)-Vavra,P (2368) Kouty nad Desnou 2012}) ({RR} 17... Rfe8 18. Qc2 h6 19. Rfd1 exd4 20. exd4 Qf4 21. Nf1 Nh5 ({RR} 21... a4 22. Rxa4 ({RR} 22. Bc1 Qb8 23. Rxa4 Bxf3 24. Rxa8 ({RR} 24. gxf3 b3) 24... Bxa8 25. Ng3 b3 26. Qb2 Ng4 27. Rf1 Ndf6) 22... Bxf3 23. Rxa8 Bxa8 24. d5 Nc5 25. Bd4) ({RR} 21... b3 22. Qxb3 ({RR} 22. Qc3 a4) 22... Bxf3 23. gxf3 Qxf3+ 24. Kg1 Ne4 25. Qc2 Ng5 26. Qg2 Nh3+ 27. Kh1 Nf2+ 28. Kg1 Nh3+ ({RR} 28... Qxg2+ 29. Kxg2 Nxd3 30. Rxd3 Re2+ 31. Kg3 Rxb2 32. c5)) 22. Bc1 Qh4 23. Be3 Nf4 24. Bf5 Nf6 25. d5 N6xd5 ({RR} 25... g6 26. Rd4 N6h5 27. Qd2 ({RR} 27. g3 Nxg3+ 28. Nxg3 Rxe3) 27... gxf5 28. Bxf4 Nxf4 29. Rxf4 Qf6) 26. cxd5 Nxd5 27. Bd4 Nf4 28. Ng3 Nh5 29. Bh7+ Kh8 30. Nf5 Qf4 31. Nd6 Re7 32. Nxb7 {Jakovenko,D (2718)-Grigoryan,A (2608) Aix les Bains 2011 CBM 142 Extra [Krasenkow,Michal] 1-0 (40)}) 18. exd4 Ra6 19. d5 Nc5 20. Bc2 Nfd7 21. f4 Re8 22. Qg4 Nf6 23. Rae1 ({RR} 23. Qg3) 23... Rxe1 24. Rxe1 Ncd7 25. Qf5 Nf8 ({RR} 25... g6 26. Qd3 a4) 26. Ba4 Qc5 27. Qe5 Qf2 28. Re2 Qh4 29. Nf3 Qg4 30. Qb8 Qc8 31. Qxc8 Bxc8 32. Bxf6 gxf6 33. c5 Ra8 34. Re8 b3 35. Bxb3 Rb8 36. Nd2 1-0

[Event "Region Group Cup 2023"]
[Site "Moscow RUS"]
[Date "2023.12.02"]
[Round "7.4"]
[White "Dreev, A."]
[Black "Inarkiev, E."]
[Result "1/2-1/2"]
[WhiteElo "2606"]
[BlackElo "2658"]
[PlyCount "144"]
[EventDate "2023.12.01"]

1. d4 d5 2. c4 e6 3. Nc3 Bb4 4. cxd5 exd5 5. Nf3 c6 6. Qb3 Qb6 7. a3 Bd6 8. Qc2 Bg4 9. e4 Nd7 $146 ({RR} 9... Bxf3 10. gxf3 Qxd4 11. Nxd5 Nd7 12. Be3 Qe5 13. f4 Qh5 14. Rd1 Nh6 15. Rg1 Qh4 16. Qc3 cxd5 17. Rxd5 Bxf4 18. Bb5 f6 19. Rxd7 Bxe3 20. Rdxg7+ {1-0 (20) Dreev,A (2649)-Horvath,C (2529) Sibenik 2010}) 10. Be3 dxe4 11. d5 Qc7 12. dxc6 exf3 13. cxd7+ Bxd7 14. Qe4+ Ne7 15. Nb5 Bxb5 16. Bxb5+ Kf8 17. O-O Bxh2+ 18. Kh1 Qe5 19. Bd3 Qh5 20. Qxf3 Qxf3 21. gxf3 Be5 22. Rfe1 Nc6 23. Bc5+ Kg8 24. Be4 Bf6 25. Rad1 Rc8 26. Rd7 b6 27. Be3 g5 28. Rc1 Ne7 29. Rcd1 Kg7 30. Rxa7 Nc6 31. Rb7 Na5 32. Ra7 Rhd8 33. Rxd8 Rxd8 34. Bxb6 Rd1+ 35. Kg2 Nc4 36. Bc5 Nxb2 37. Ra8 Rd8 38. Rxd8 Bxd8 39. Bd4+ Bf6 40. Bxf6+ Kxf6 41. Bxh7 Ke5 42. Bc2 Nc4 43. a4 Na5 44. Kg3 f5 45. f4+ gxf4+ 46. Kf3 Nc6 47. Ke2 Kd5 48. Kd2 Kc4 49. Bxf5 Ne5 50. Bc2 Nf3+ 51. Kc1 Ne5 52. Kd1 Kb4 53. Kd2 Kc4 54. Ke2 Kb4 55. Bd1 Kc4 56. Ke1 Nd3+ 57. Kf1 Ne5 58. Bh5 Kc5 59. Be2 Nc6 60. Kg2 Kd4 61. Bb5 Na5 62. Kf3 Ke5 63. Ke2 Kd4 64. Kd2 Nb3+ 65. Kc2 Na5 66. Be2 Nc6 67. Kb3 Kc5 68. Kc3 Ne5 69. Bd1 f3 70. Kd2 Ng4 71. Ke1 Kb4 72. Bxf3 Nxf2 1/2-1/2

[Event "Titled Tue 28th Nov Late"]
[Site "chess.com INT"]
[Date "2023.11.28"]
[Round "6"]
[White "Radjabov, T."]
[Black "Melkumyan, H."]
[Result "1-0"]
[WhiteElo "2745"]
[BlackElo "2650"]
[PlyCount "129"]
[EventDate "2023.11.28"]

1. c4 e6 2. Nc3 d5 3. d4 Be7 4. cxd5 exd5 5. Bf4 Nf6 6. e3 O-O 7. Bd3 Bg4 8. Nge2 c5 ({RR} 8... c6 9. Qc2 Bh5 10. Ng3 Bg6 11. h4 Na6 12. a3 Nc7 13. h5 Bxd3 14. Qxd3 Ne6 15. Be5 c5 16. Nf5 cxd4 17. exd4 Ng4 18. Nxd5 Bg5 19. Qe4 Nxe5 20. dxe5 Nc5 21. Qc4 Nd7 22. f4 Rc8 23. Qd4 {Sarana,A (2695)-Melkumyan,H (2640) chess.com INT 2024 1-0}) ({RR} 8... Nbd7 9. O-O Bh5 10. Rc1 c6 11. f3 c5 12. Kh1 Bg6 13. Ng3 cxd4 14. exd4 Bxd3 15. Qxd3 Nb6 16. Nf5 Bb4 17. Nb5 Nc4 18. b3 Na3 19. Be5 Qb6 20. Nc7 Rad8 21. Qe3 Ne8 22. Nxe8 Rfxe8 23. Nxg7 {Gut,L (2177)-Vihaan Karthikeya N (2025) Orosei ITA 2025 1-0 (60)}) 9. dxc5 Bxc5 10. O-O Nc6 11. h3 $146 ({RR} 11. Rc1 d4 12. Nb5 Bb6 13. Nbxd4 Bxd4 14. exd4 Nxd4 15. Be3 Nxe2+ 16. Bxe2 Bxe2 17. Qxe2 Qa5 18. Qc4 Rfd8 19. Rfd1 h6 20. h3 Nd5 21. Bc5 b5 22. Qb3 Nf4 23. Qf3 Ne6 24. a3 Rac8 25. Be3 Qa4 {Swapnil,S (2389)-Corrales Jimenez,F (2504) Balaguer 2008 ½-½ (46)}) 11... Bxe2 12. Nxe2 Qe7 13. a3 Rad8 14. b4 Bd6 15. Bxd6 Qxd6 16. Qa4 d4 17. Rad1 g6 18. b5 Ne5 19. Nxd4 Nd5 20. Qb3 Qc5 21. Rc1 Qb6 22. Rfd1 Rd6 23. Bf1 Rfd8 24. Rc2 Nf6 25. Rdc1 Kg7 26. Qb4 Nd5 27. Qb2 Nf6 28. Nf5+ gxf5 29. Qxe5 Rd5 30. Qg3+ Kf8 31. Qh4 Rd1 32. Qh6+ Ke7 33. Rc7+ R8d7 34. Rxd7+ Rxd7 35. Qf4 Qe6 36. Rc5 Rd5 37. Bc4 Rd1+ 38. Kh2 Qd6 39. Re5+ Kd8 40. Rxf5 Qxf4+ 41. Rxf4 Ke7 42. g4 h6 43. h4 Nd5 44. Re4+ Kf6 45. Bxd5 Rxd5 46. a4 h5 47. g5+ Kg6 48. Rf4 Rc5 49. Kg3 Rc1 50. Rd4 Ra1 51. Kf4 Ra2 52. f3 Ra3 53. e4 b6 54. Rc4 Kg7 55. e5 Kg6 56. Ke4 Ra1 57. Rc6+ Kg7 58. f4 Rxa4+ 59. Kf5 Rb4 60. Rc7 Kg8 61. Rxa7 Kf8 62. Rb7 Ke8 63. Rxb6 Rb1 64. Rb8+ Ke7 65. b6 1-0

[Event "FIDE Grand Swiss 2023"]
[Site "Douglas IOM"]
[Date "2023.11.05"]
[Round "11.3"]
[White "Giri, A."]
[Black "Esipenko, Andrey"]
[Result "1-0"]
[WhiteElo "2760"]
[BlackElo "2683"]
[PlyCount "65"]
[EventDate "2023.10.25"]

1. d4 d5 2. c4 e6 3. Nc3 Be7 4. cxd5 exd5 5. Bf4 Nf6 6. e3 Bf5 7. Nge2 O-O 8. Rc1 ({RR} 8. Ng3 Bg6 9. h4 h6 10. h5 Bh7 11. Bd3 c6 12. Bxh7+ Nxh7 13. Nf5 Nd7 14. g4 Re8 15. Qc2 b5 16. Ne2 Rc8 17. Bd6 Bf8 18. Bxf8 Ndxf8 19. f3 a5 20. O-O-O Ne6 21. Kb1 Nhg5 22. Rhf1 b4 {Nepomniachtchi,I (2751)-Nakamura,H (2793) Zuerich 2017 ½-½ (42)}) 8... c5 $146 ({RR} 8... c6 9. Ng3 Bg6 10. h4 h6 11. h5 Bh7 12. Bd3 Bxd3 13. Qxd3 Bd6 14. Bxd6 Qxd6 15. Nf5 Qe6 16. f3 Ne8 17. Kf2 Nd7 18. g4 Nd6 19. Rcg1 Rfe8 20. Nxd6 Qxd6 21. g5 Kh8 22. Ne2 Qe7 23. gxh6 {Kharitonov,A (2548)-Sulashvili,M (2498) Paleochora 2010 ½-½}) ({RR} 8... Be6 9. Bg3 c6 10. Nf4 Bf5 11. Bd3 Bxd3 12. Nxd3 Ne4 13. Qb3 Nxc3 14. Rxc3 Qb6 15. O-O Nd7 16. a4 Rfc8 17. Rfc1 Nf6 18. a5 Qa6 19. Bh4 h6 20. Bxf6 Bxf6 21. Nc5 Qxa5 22. Nxb7 Qb6 23. Nc5 {Abdusattorov,N (2780)-Erigaisi,A (2751) Malmo SWE 2026 ½-½ (62)}) 9. dxc5 Bxc5 10. Nxd5 Nxd5 11. Rxc5 Be6 12. Nc3 Nxf4 13. Qxd8 Rxd8 14. exf4 Nd7 15. Rc7 Nf6 16. f3 h5 17. Rxb7 Rd4 18. Be2 a5 19. Kf2 Rb4 20. Rb5 Bd7 21. a3 Bxb5 22. axb4 Bxe2 23. Nxe2 axb4 24. Rd1 Rc8 25. Rd4 Rc2 26. Rxb4 Nd5 27. Rb8+ Kh7 28. g3 h4 29. Rb5 Nc7 30. Rb7 f5 31. Ke3 Ne6 32. g4 Kg8 33. gxf5 1-0